Normal view
MARC view
Entry Personal Name
001 - CONTROL NUMBER
- control field: 42832
003 - CONTROL NUMBER IDENTIFIER
- control field: OSt
005 - DATE AND TIME OF LATEST TRANSACTION
- control field: 20230524205143.0
008 - FIXED-LENGTH DATA ELEMENTS
- fixed length control field: 230524|| aca||aabn | a|a d
040 ## - CATALOGING SOURCE
- Original cataloging agency: OSt
- Transcribing agency: OSt
100 ## - HEADING--PERSONAL NAME
- Personal name: N.B.Lal
670 ## - SOURCE DATA FOUND
- Source citation: Work cat.: (OSt)57804: L.R.Kadyali 42831, Principles and Practices Highway Engineering : Including Expressways And Airport Engineering), 2015
